[Event "March Lviv Tradition IMB"]
[Site "masterchessopen.com Lviv UKR"]
[Date "2017.03.25"]
[Round "9.5"]
[White "Rozycki,B"]
[Black "Goluch,P"]
[Result "0-1"]
[WhiteElo "2166"]
[BlackElo "2288"]

1.e4 c6 2.d4 d5 3.Nc3 dxe4 4.Nxe4 Bf5 5.Ng3 Bg6 6.h4 h6 7.Bc4 e6 8.N1e2 Bd6
9.Nf4 Ne7 10.Nxg6 Nxg6 11.h5 Ne7 12.Qg4 Bxg3 13.fxg3 Nf5 14.c3 Nd7 15.O-O Nf6
16.Qh3 Nxd4 17.Be3 Nc2 18.Rad1 Nxe3 19.Rxd8+ Rxd8 20.Rxf6 gxf6 21.Bxe6 Rd6
22.Bb3 O-O 23.Qh4 Re8 24.Qf4 Re5 25.g4 Kg7 26.Qb4 Rd7 27.g3 a5 28.Qb6 Nxg4
29.Kg2 Rd2+ 30.Kf3 f5 31.Kf4 Kf6 32.Qxb7 Rf2# 0-1

[Event "NH Closed 2017"]
[Site "masterchessopen.com Manchester USA"]
[Date "2017.03.25"]
[Round "2"]
[White "Elmore,John P"]
[Black "Terrie,H"]
[Result "1-0"]
[WhiteElo "1909"]
[BlackElo "1990"]
[EventType "tourn"]

1.e4 c5 2.Nc3 e6 3.f4 d5 4.Nf3 Nc6 5.Bb5 Nf6 6.Qe2 Be7 7.d3 O-O 8.Bxc6 bxc6
9.O-O dxe4 10.dxe4 Qb6 11.Rd1 Ba6 12.Qe1 Rfd8 13.Rxd8+ Rxd8 14.h3 c4+ 15.Kh2
Nd7 16.Na4 Qb5 17.b3 c5 18.Bb2 Bf6 19.Rd1 Bxb2 20.Nxb2 Qb8 21.Qa5 cxb3 22.axb3
Be2 23.Rd6 Bxf3 24.gxf3 g5 25.Qd2 Qc7 26.Nc4 gxf4 27.Qxf4 f6 28.e5 Nxe5
29.Rxd8+ Qxd8 30.Nxe5 fxe5 31.Qxe5 Qb6 32.Kg3 a5 33.Kg4 Kf7 34.Kg5 Qd8+ 35.Kg4
{#r} 1-0

[Event "NH Closed 2017"]
[Site "masterchessopen.com Manchester USA"]
[Date "2017.03.25"]
[Round "3"]
[White "Welling,Aashish"]
[Black "Elmore,John P"]
[Result "1-0"]
[WhiteElo "1993"]
[BlackElo "1909"]
[EventType "tourn"]

1.d4 d5 2.c4 c6 3.Nf3 Nf6 4.e3 Bf5 5.Nc3 e6 6.Nh4 Bg4 7.Qb3 Qb6 8.h3 Bh5 9.g4
Bg6 10.Nxg6 hxg6 11.Bg2 Nbd7 12.O-O Qc7 13.g5 Ng8 14.e4 dxe4 15.Nxe4 Ne7
16.Qxb7 Qxb7 17.Nd6+ Kd8 18.Nxb7+ Kc7 19.Na5 Nb6 20.Bf4+ Kd7 21.Rfd1 Rc8
22.Rac1 Rh4 23.Bg3 Rh5 24.d5 cxd5 25.c5 Na8 26.Bf1 Nc7 27.h4 Nc6 28.Nxc6 Kxc6
29.b4 a6 30.a4 Ra8 31.Rb1 Be7 32.Rdc1 Rhh8 33.b5+ axb5 34.axb5+ Kd7 35.c6+ Kd8
36.b6 Na6 37.b7 {#r} 1-0

[Event "NH Closed 2017"]
[Site "masterchessopen.com Manchester USA"]
[Date "2017.03.25"]
[Round "3"]
[White "Terrie,H"]
[Black "Fang,J"]
[Result "0-1"]
[WhiteElo "1990"]
[BlackElo "2321"]
[EventType "tourn"]

1.Nf3 g6 2.d4 Bg7 3.g3 Nf6 4.Bg2 O-O 5.O-O d6 6.c4 Nbd7 7.Nc3 e5 8.e4 c6 9.Rb1
exd4 10.Nxd4 Re8 11.Re1 a5 12.h3 Nc5 13.Bf4 Qb6 14.Nc2 Be6 15.Bf1 Rad8 16.Be3
Bc8 17.Bg2 Qc7 18.f3 Nfd7 19.Bf2 Ne5 20.Bf1 f5 21.f4 Nf7 22.exf5 Bxf5 23.Rxe8+
Rxe8 24.g4 Bc8 25.Bg2 Ne6 26.Qd2 d5 27.cxd5 Nxf4 28.Re1 Rxe1+ 29.Nxe1 Nxg2
30.Kxg2 b5 31.Nf3 Bb7 32.Bg3 Qd7 33.Qf4 cxd5 34.Qb8+ Bf8 35.Nd4 b4 36.Ncb5 Qe7
37.Qc7 Qe4+ 38.Kh2 Ba6 39.Qb6 Bxb5 40.Nxb5 Ng5 41.Nd4 Qxd4 {#R} 0-1

[Event "ch-URU 2017"]
[Site "masterchessopen.com Montevideo URU"]
[Date "2017.03.25"]
[Round "1.2"]
[White "Larrea,M"]
[Black "Saralegui,M"]
[Result "1-0"]
[WhiteElo "2274"]
[BlackElo "2111"]

1.c4 c5 2.Nf3 Nf6 3.Nc3 Nc6 4.d4 cxd4 5.Nxd4 g6 6.e4 d6 7.Be2 Bg7 8.Be3 O-O
9.O-O Bd7 10.Qd2 Nxd4 11.Bxd4 Bc6 12.f3 a5 13.Rab1 Nd7 14.Be3 Nc5 15.Rfc1 a4
16.Bf1 Re8 17.Rc2 e5 18.Rd1 Bf8 19.Nd5 Bg7 20.Bg5 f6 21.Be3 Ne6 22.Nb6 Rb8
23.Qxd6 Qxd6 24.Rxd6 f5 25.c5 Nd4 26.Rd2 fxe4 27.fxe4 Bf8 28.Bc4+ Kh8 29.R2xd4
Bxd6 30.Rxd6 Bxe4 31.Bg5 h5 32.Bf6+ Kh7 33.Rd7+ Kh6 34.h4 g5 35.Bxg5+ Kg6
36.Bf7+ Kf5 37.Bxe8 Rxe8 38.Nc4 {#r} 1-0

[Event "ch-URU 2017"]
[Site "masterchessopen.com Montevideo URU"]
[Date "2017.03.25"]
[Round "1.3"]
[White "Oddone,C"]
[Black "Benoit,Rodrigo"]
[Result "1-0"]
[WhiteElo "2239"]
[BlackElo "2114"]

1.Nf3 Nf6 2.g3 b6 3.Bg2 Bb7 4.O-O g6 5.d3 Bg7 6.e4 d6 7.Nbd2 O-O 8.Nc4 d5
9.exd5 Bxd5 10.Re1 Re8 11.Ne3 Bb7 12.Ne5 Bxg2 13.Kxg2 Na6 14.Qf3 Nb4 15.a3
Nbd5 16.N3g4 c5 17.c4 Nc7 18.Nc6 Qd7 19.Nxe7+ Rxe7 20.Rxe7 Qxg4 21.Rxc7 {#r}
1-0

[Event "ch-URU 2017"]
[Site "masterchessopen.com Montevideo URU"]
[Date "2017.03.25"]
[Round "1.5"]
[White "Carbone,D"]
[Black "Lopez Azambuja,N"]
[Result "0-1"]
[WhiteElo "2149"]
[BlackElo "2267"]

1.c4 Nf6 2.g3 e6 3.Bg2 d5 4.Nf3 Be7 5.O-O O-O 6.b3 c5 7.Bb2 Nc6 8.e3 d4 9.exd4
cxd4 10.Re1 Re8 11.d3 Bc5 12.Ne5 Nxe5 13.Rxe5 Bd6 14.Re2 e5 15.Nd2 Bf5 16.Qc2
Qc7 17.Rae1 Re7 18.c5 Bxc5 19.Bxb7 Rae8 20.Bf3 h6 21.a3 Rc8 22.Nc4 Bd6 23.Rc1
Qd7 24.Qd1 Bc7 25.a4 Nd5 26.Nxe5 Bxe5 27.Rxc8+ Qxc8 28.Bxd5 Qc5 29.Bg2 Rc7
30.h3 Be6 31.f4 Bf6 32.Bc1 Qxc1 {#R} 0-1

[Event "TCh-AUT 2nd Mitte 2016-17"]
[Site "masterchessopen.com Austria AUT"]
[Date "2017.03.25"]
[Round "10.1"]
[White "Reichmann,E"]
[Black "Branding,V"]
[Result "1-0"]
[WhiteElo "2267"]
[BlackElo "2177"]
[EventType "team"]

1.e4 c5 2.Nf3 g6 3.d4 cxd4 4.c3 d3 5.Bxd3 Bg7 6.O-O d6 7.Qe2 Nc6 8.h3 Nf6
9.Rd1 Qc7 10.Na3 O-O 11.Nb5 Qb8 12.c4 Nd7 13.Bg5 Nc5 14.Rac1 a5 15.Bb1 Re8
16.Be3 b6 17.Nfd4 Bb7 18.f4 Qc8 19.Nf3 Na4 20.b3 Nc5 21.Nc3 Nb4 22.Nd5 Nxd5
23.exd5 e5 24.Qf2 f6 25.Qh4 exf4 26.Bxf4 Ne4 27.Bxe4 Rxe4 28.Qg3 Qc5+ 29.Kh2
Bf8 30.Re1 Rae8 31.Rxe4 Rxe4 32.Re1 Rxe1 33.Qxe1 a4 34.Qe6+ Kh8 35.Qf7 Qc8
36.Nd4 Bg7 37.Ne6 {#r} 1-0

[Event "TCh-AUT 2nd Mitte 2016-17"]
[Site "masterchessopen.com Austria AUT"]
[Date "2017.03.25"]
[Round "10.1"]
[White "Rolletschek,H"]
[Black "Toefferl,H"]
[Result "1-0"]
[WhiteElo "2136"]
[BlackElo "2042"]
[EventType "team"]

1.e4 e6 2.d3 d5 3.Nd2 c5 4.Ngf3 Nf6 5.g3 b5 6.Bg2 Bb7 7.O-O Be7 8.exd5 exd5
9.d4 c4 10.Re1 Nc6 11.Nf1 O-O 12.Ne5 Re8 13.c3 Qb6 14.Bg5 Rad8 15.Ne3 Nxe5
16.dxe5 Ne4 17.Bxe7 Rxe7 18.Qd4 Qxd4 19.cxd4 Rc7 20.Rac1 f6 21.f3 Ng5 22.f4
Ne4 23.g4 fxe5 24.fxe5 a5 25.Nxd5 Bxd5 26.Bxe4 Be6 27.d5 Bxd5 28.Rcd1 Rcd7
29.Bf5 Re7 30.e6 Ree8 31.e7 Rb8 32.Rxd5 Kf7 33.Bd7 {#r} 1-0

[Event "TCh-AUT 2nd Mitte 2016-17"]
[Site "masterchessopen.com Austria AUT"]
[Date "2017.03.25"]
[Round "10.1"]
[White "Waldmann,G"]
[Black "Mittermayr,G"]
[Result "1-0"]
[WhiteElo "2124"]
[BlackElo "2116"]
[EventType "team"]

1.e4 e6 2.d4 d5 3.Nd2 Nf6 4.e5 Nfd7 5.Bd3 c5 6.c3 Nc6 7.Ne2 cxd4 8.cxd4 Qb6
9.Nf3 Bb4+ 10.Kf1 Be7 11.h4 f6 12.Nf4 fxe5 13.Nxe5 Ndxe5 14.dxe5 Nxe5 15.Qh5+
Nf7 16.Bxh7 e5 17.Ng6 Bg4 18.Qxg4 Rxh7 19.Rh3 Qb5+ 20.Kg1 Qd7 21.Qe2 Bd6
22.Be3 a6 23.Rd1 Qf5 24.h5 Qe4 25.Rh4 Qf5 26.Rxd5 O-O-O 27.Ba7 Qb1+ 28.Rd1
Qxa2 29.Rc4+ Kd7 30.Qg4+ {#r} 1-0

[Event "TCh-AUT 2nd Mitte 2016-17"]
[Site "masterchessopen.com Austria AUT"]
[Date "2017.03.25"]
[Round "10.1"]
[White "Haas,Michael2"]
[Black "Stagl,M"]
[Result "0-1"]
[WhiteElo "2028"]
[BlackElo "2098"]
[EventType "team"]

1.d4 d5 2.Nf3 c6 3.e3 e6 4.Bd3 f5 5.O-O Nf6 6.Ne5 Bd6 7.f4 O-O 8.Nd2 a5 9.c4
Ne4 10.Ndf3 Bd7 11.Bd2 Be8 12.c5 Be7 13.b4 axb4 14.Bxb4 b6 15.Qc2 Na6 16.Bxa6
Rxa6 17.Nd3 bxc5 18.Nxc5 Bxc5 19.Bxc5 Rf7 20.Ne5 Rc7 21.Rfb1 Qa8 22.Nd3 Rc8
23.Bb4 Ra4 24.a3 Rb8 25.Rf1 c5 26.Bxc5 Rc4 27.Qe2 Rb3 28.Rfc1 Bb5 29.Qd1 Rxd3
{#R} 0-1

[Event "TCh-AUT 2nd Mitte 2016-17"]
[Site "masterchessopen.com Austria AUT"]
[Date "2017.03.25"]
[Round "10.1"]
[White "Schoenangerer,H"]
[Black "Topf,C"]
[Result "1-0"]
[WhiteElo "2057"]
[BlackElo "2015"]
[EventType "team"]

1.e4 c5 2.Nc3 b6 3.g3 Bb7 4.Bg2 e6 5.Nf3 d6 6.d3 Nf6 7.O-O Be7 8.Re1 Nbd7 9.h3
a6 10.a4 O-O 11.Be3 Qc7 12.Qe2 Rfe8 13.Bf4 e5 14.Be3 d5 15.exd5 Nxd5 16.Nxd5
Bxd5 17.Nd2 Bxg2 18.Kxg2 Qc6+ 19.Qf3 Qxf3+ 20.Nxf3 Bf8 21.Nd2 Bd6 22.g4 f6
23.Ne4 Bf8 24.b3 Rac8 25.f4 Rc6 26.Kf3 Kf7 27.Re2 g6 28.f5 gxf5 29.gxf5 Be7
30.Rg2 Rcc8 31.Rg4 Rg8 32.Rag1 Rxg4 33.hxg4 Rg8 34.Rh1 Rg7 35.Rh6 a5 36.Nc3
Nb8 37.Ne4 Nd7 38.Bf2 Kg8 39.Rh1 Kf7 {#r} 1-0

[Event "TCh-AUT 2nd Mitte 2016-17"]
[Site "masterchessopen.com Austria AUT"]
[Date "2017.03.25"]
[Round "10.2"]
[White "Haba,P"]
[Black "Hera,I"]
[Result "0-1"]
[WhiteElo "2476"]
[BlackElo "2619"]
[EventType "team"]

1.e4 c5 2.Nf3 e6 3.d4 cxd4 4.Nxd4 a6 5.Nc3 b5 6.Bd3 Bb7 7.Qe2 Ne7 8.O-O Nec6
9.Nxc6 Nxc6 10.Be3 Be7 11.f4 O-O 12.Rf3 d6 13.Rh3 g6 14.Rf1 Bf6 15.g4 Bg7
16.g5 d5 17.Bc5 dxe4 18.Nxe4 Nd4 19.Qf2 Nf5 20.c3 Re8 21.Bc2 Qd5 22.a3 Rac8
23.Rd1 Qc6 24.b4 e5 25.Ng3 exf4 26.Bxf5 gxf5 {#R} 0-1

[Event "TCh-AUT 2nd Mitte 2016-17"]
[Site "masterchessopen.com Austria AUT"]
[Date "2017.03.25"]
[Round "10.2"]
[White "Singer,C"]
[Black "Stradner,Stefan"]
[Result "1-0"]
[WhiteElo "2254"]
[BlackElo "2204"]
[EventType "team"]

1.e4 e6 2.d4 d5 3.Nd2 Be7 4.c3 c5 5.dxc5 Bxc5 6.Bd3 Nc6 7.Ngf3 Nf6 8.Qe2 h6
9.O-O Qc7 10.e5 Nd7 11.Nb3 Bf8 12.Bf4 g5 13.Bg3 Bg7 14.Rae1 a6 15.Nbd4 Nf8
16.h4 Qe7 17.h5 Nd7 18.Nxc6 bxc6 19.Nh2 a5 20.Qf3 Nc5 21.Be2 Ne4 22.Rd1 Ba6
23.Bxa6 Rxa6 24.Ng4 O-O 25.Rfe1 Nxg3 26.Qxg3 Rb8 27.Nf6+ Kf8 28.f4 gxf4
29.Qxf4 Rxb2 30.Kh1 Rab6 31.Re3 Rb1 32.Rxb1 Rxb1+ 33.Kh2 Rb7 34.Rg3 Bxf6
35.exf6 Qc7 36.Qg4 Ke8 37.Qg8+ Kd7 38.Qxf7+ Kd6 39.Qf8+ Ke5 40.f7 Qxf7 41.Re3+
{#r} 1-0

[Event "TCh-AUT 2nd Mitte 2016-17"]
[Site "masterchessopen.com Austria AUT"]
[Date "2017.03.25"]
[Round "10.3"]
[White "Schmidt,Pe1"]
[Black "Baumegger,S"]
[Result "0-1"]
[WhiteElo "2388"]
[BlackElo "2442"]
[EventType "team"]

1.Nf3 d5 2.g3 c6 3.Bg2 Bg4 4.h3 Bh5 5.O-O Nd7 6.d4 e6 7.c4 Ngf6 8.cxd5 cxd5
9.Qb3 Qb6 10.Nc3 Be7 11.Ne5 Nxe5 12.dxe5 Nd7 13.Qxb6 axb6 14.e4 dxe4 15.Bxe4
Nxe5 16.Bxb7 Rb8 17.Be4 g5 18.f4 gxf4 19.Bxf4 f6 20.g4 Bf7 21.Kh2 Rd8 22.Rad1
O-O 23.Kg3 Nc4 24.Bh6 Rxd1 25.Rxd1 Rc8 26.b3 Nd6 {#R} 0-1

[Event "TCh-AUT 2nd Mitte 2016-17"]
[Site "masterchessopen.com Austria AUT"]
[Date "2017.03.25"]
[Round "10.3"]
[White "Testor,S"]
[Black "Enoeckl,P"]
[Result "1-0"]
[WhiteElo "2316"]
[BlackElo "2322"]
[EventType "team"]

1.d4 Nf6 2.Nf3 g6 3.c4 Bg7 4.Nc3 O-O 5.e4 d6 6.h3 e5 7.d5 a5 8.g4 Na6 9.Be3
Nd7 10.a3 Nac5 11.Rg1 a4 12.Nd2 Bf6 13.g5 Be7 14.h4 h5 15.Qc2 Kh7 16.O-O-O f6
17.Nf3 Nb3+ 18.Kb1 Ndc5 19.gxf6 Bxf6 20.Ng5+ Bxg5 21.Rxg5 Qf6 22.Nb5 Bd7
23.Nxc7 Rac8 24.Ne6 Bxe6 25.dxe6 Nd4 26.Bxd4 exd4 27.f4 Nxe6 28.e5 Qe7 29.Rxg6
{#r} 1-0

[Event "TCh-AUT 2nd Mitte 2016-17"]
[Site "masterchessopen.com Austria AUT"]
[Date "2017.03.25"]
[Round "10.3"]
[White "Hiermann,D"]
[Black "Sandner,W"]
[Result "1-0"]
[WhiteElo "2292"]
[BlackElo "2268"]
[EventType "team"]

1.e4 d6 2.d4 Nf6 3.Nc3 e5 4.Nge2 Be7 5.g3 exd4 6.Nxd4 Nc6 7.Bg2 Bd7 8.h3 Qc8
9.Be3 O-O 10.g4 Nxd4 11.Qxd4 c5 12.Qd2 Bc6 13.g5 Nd7 14.f4 b5 15.Nd5 Bxd5
16.Qxd5 Nb6 17.Qd3 Rb8 18.b3 Re8 19.O-O Nd7 20.Qe2 Bf8 21.h4 f5 22.exf5 Nb6
23.Rae1 Qxf5 24.Qxb5 Qxc2 25.f5 Qc3 26.Bf2 Re5 27.Rxe5 Qxe5 28.Qa6 d5 29.Qd3
Rd8 30.Bg3 Qb2 31.Qe3 Qd4 32.Qxd4 cxd4 33.Bf2 Bc5 34.Rd1 Re8 35.Bxd4 Bxd4+
36.Rxd4 Re5 37.a4 a5 38.b4 axb4 39.a5 Nc8 40.Bxd5+ Kf8 41.Be6 b3 42.Bxb3 Ke7
43.Be6 Nd6 44.Ra4 Nb5 45.a6 Na7 46.Rb4 Nc6 47.Rb7+ Kd6 48.Rd7+ {#r} 1-0

[Event "TCh-AUT 2nd Mitte 2016-17"]
[Site "masterchessopen.com Austria AUT"]
[Date "2017.03.25"]
[Round "10.3"]
[White "Schein,KH"]
[Black "Taggatz,M"]
[Result "1-0"]
[WhiteElo "2218"]
[BlackElo "2193"]
[EventType "team"]

1.e4 c5 2.f4 e6 3.Nf3 Nc6 4.Bb5 Nge7 5.O-O g6 6.Nc3 Bg7 7.Bxc6 Nxc6 8.d3 d6
9.Be3 Nd4 10.Bxd4 cxd4 11.Ne2 O-O 12.Qe1 e5 13.f5 d5 14.Ng3 b6 15.Nd2 Bb7
16.exd5 Qxd5 17.Nde4 Rac8 18.Qd2 f6 19.h4 Qa5 20.Qe2 Qa4 21.c4 dxc3 22.bxc3
Rxc3 23.Nxc3 Qd4+ 24.Qf2 Qxc3 25.Rac1 Qb4 26.fxg6 hxg6 27.h5 Qg4 28.Rc4 e4
29.hxg6 Bh6 30.Nf5 Bg5 31.Rc7 e3 32.Rg7+ Kh8 33.Rh7+ Kg8 34.Ne7# 1-0

[Event "TCh-AUT 2nd Mitte 2016-17"]
[Site "masterchessopen.com Austria AUT"]
[Date "2017.03.25"]
[Round "10.4"]
[White "Schnider,G"]
[Black "Felsberger,A"]
[Result "1-0"]
[WhiteElo "2403"]
[BlackElo "2326"]
[EventType "team"]

1.e4 c5 2.Nf3 e6 3.d4 cxd4 4.Nxd4 Nf6 5.Nc3 d6 6.Be3 Be7 7.Qe2 a6 8.a4 Nc6
9.g3 Qc7 10.Bg2 Bd7 11.Nxc6 bxc6 12.a5 O-O 13.O-O Qb7 14.Na4 Rad8 15.Ra2 Qb5
16.c4 Qb4 17.Qc2 d5 18.Bb6 Rc8 19.Nc3 Qd6 20.Qe2 Qe5 21.Raa1 Bb4 22.f4 Qb8
23.e5 Bxc3 24.bxc3 Ne4 25.Bxe4 dxe4 26.Bc5 Rfd8 27.Rab1 Qa8 28.Bb6 c5 29.Bxd8
Rxd8 30.Rfd1 g6 31.Rb6 Ba4 32.Rxd8+ Qxd8 33.Rxa6 Bd1 34.Rd6 {#r} 1-0

[Event "TCh-AUT 2nd Mitte 2016-17"]
[Site "masterchessopen.com Austria AUT"]
[Date "2017.03.25"]
[Round "10.4"]
[White "Kastner,W"]
[Black "Mostbauer,Florian"]
[Result "0-1"]
[WhiteElo "2199"]
[BlackElo "2261"]
[EventType "team"]

1.e4 c6 2.d4 d5 3.Nc3 dxe4 4.Nxe4 Nd7 5.Qe2 Ndf6 6.c3 Nxe4 7.Qxe4 Nf6 8.Qe5
Qd5 9.Nf3 Bf5 10.Bc4 Qxc4 11.Qxf5 e6 12.Qc2 Bd6 13.b3 Qd5 14.O-O h6 15.c4 Qe4
16.Qxe4 Nxe4 17.Bb2 O-O 18.Rad1 Be7 19.Rfe1 Nf6 20.Kf1 Rfd8 21.Bc3 a5 22.Re3
a4 23.Ree1 axb3 24.axb3 Ra3 25.Nd2 b5 26.Ra1 Rxa1 27.Rxa1 b4 28.Bb2 c5 29.Nf3
Ne4 30.Re1 f5 31.Ne5 Nd2+ 32.Kg1 Nxb3 33.Nc6 Rd7 34.Rxe6 Bf6 35.h4 Nxd4
36.Bxd4 Bxd4 37.Re8+ Kf7 38.Rc8 Bf6 39.g3 Rd1+ 40.Kg2 b3 {#R} 0-1

[Event "TCh-AUT 2nd Mitte 2016-17"]
[Site "masterchessopen.com Austria AUT"]
[Date "2017.03.25"]
[Round "10.5"]
[White "Tomazini,Z"]
[Black "Spindelboeck,G"]
[Result "1-0"]
[WhiteElo "2411"]
[BlackElo "2271"]
[EventType "team"]

1.e4 e6 2.d4 d5 3.Nd2 Nf6 4.e5 Nfd7 5.Bd3 c5 6.c3 Nc6 7.Ngf3 g6 8.h4 h6 9.Bc2
Bg7 10.Nf1 b6 11.Bd3 a5 12.Ne3 Ba6 13.Bxa6 Rxa6 14.h5 g5 15.Ng4 Ra7 16.O-O O-O
17.Qe2 Rc7 18.Bd2 Qe7 19.Rae1 Qe8 20.Bxg5 hxg5 21.h6 Bxh6 22.Nxh6+ Kg7 23.Nxg5
Kxh6 24.Qg4 f5 25.exf6 Nxf6 26.Qh4+ Qh5 27.Qxh5+ Kxh5 28.Nxe6 Rff7 29.Nxc7
Rxc7 30.Re6 Kg5 31.Rd1 c4 32.Rd6 b5 33.Re1 b4 34.Ree6 bxc3 35.bxc3 Nxd4
36.cxd4 Rf7 37.Rxf6 Rxf6 38.Rxd5+ Kf4 39.Rc5 Rb6 40.Rxc4 Rb1+ 41.Kh2 Rb2
42.d5+ Ke5 43.f4+ Kxd5 44.Ra4 {#r} 1-0

[Event "TCh-AUT 2nd Mitte 2016-17"]
[Site "masterchessopen.com Austria AUT"]
[Date "2017.03.25"]
[Round "10.6"]
[White "Pilaj,H"]
[Black "Heinemann,T"]
[Result "0-1"]
[WhiteElo "2382"]
[BlackElo "2466"]
[EventType "team"]

1.c4 c5 2.g3 Nc6 3.Bg2 g6 4.Nc3 Bg7 5.b3 e5 6.Bb2 Nge7 7.d3 d6 8.e3 Be6 9.Nd5
Bxd5 10.cxd5 Qa5+ 11.Ke2 Nb4 12.e4 O-O 13.f3 f5 14.Nh3 fxe4 15.fxe4 Nxa2 16.b4
cxb4 17.Qb3 Bh6 18.Qxa2 Qxa2 19.Rxa2 Rac8 20.Ba1 b3 21.Rb2 a5 22.g4 a4 23.g5
Bg7 24.Bf3 h5 25.gxh6 Bxh6 26.Bg4 Rc7 27.Be6+ Kh7 28.d4 exd4 29.Rd1 Rc3 30.Rd3
Rc1 31.Rbxb3 axb3 32.Rxb3 Rxa1 33.Rxb7 Ra2+ 34.Ke1 d3 35.Rxe7+ Kh8 {#R} 0-1

[Event "TCh-AUT 2nd Mitte 2016-17"]
[Site "masterchessopen.com Austria AUT"]
[Date "2017.03.25"]
[Round "10.6"]
[White "Wegerer,F"]
[Black "Wertjanz,Dav"]
[Result "1-0"]
[WhiteElo "2081"]
[BlackElo "2332"]
[EventType "team"]

1.g3 Nf6 2.Bg2 e6 3.Nf3 d5 4.O-O Nbd7 5.b3 Be7 6.Bb2 O-O 7.c4 c6 8.Qc2 b6 9.d3
Qc7 10.cxd5 exd5 11.Nd4 Bb7 12.Nf5 Rfe8 13.Nxe7+ Rxe7 14.e3 Rae8 15.Nd2 Ne5
16.Rac1 Ba6 17.Bxe5 Qxe5 18.Nf3 Qh5 19.b4 c5 20.bxc5 bxc5 21.Rfd1 c4 22.Qa4
Bc8 23.Rd2 cxd3 24.Rxd3 Bf5 25.Rd4 Be4 26.Qd1 Qf5 27.Nh4 Qe5 28.Nf3 Qb8 29.Nd2
h5 30.Nxe4 dxe4 31.h3 Rb7 32.a4 Rb2 33.Rc2 Rxc2 34.Qxc2 Qe5 35.Qc6 h4 36.g4
Rb8 37.Bxe4 Qa5 38.Bd3 Kh8 39.Kg2 Kg8 40.Qd6 Rc8 41.Qf4 Qb6 42.g5 Nd7 43.Qf5
Rd8 44.Bc4 {#r} 1-0

[Event "TCh-AUT 2nd Mitte 2016-17"]
[Site "masterchessopen.com Austria AUT"]
[Date "2017.03.25"]
[Round "10.6"]
[White "Manhardt,T"]
[Black "Petschar,K"]
[Result "0-1"]
[WhiteElo "2210"]
[BlackElo "2300"]
[EventType "team"]

1.e4 Nf6 2.e5 Nd5 3.c4 Nb6 4.d4 d6 5.exd6 cxd6 6.Nc3 g6 7.Be3 Bg7 8.Rc1 O-O
9.b3 e5 10.dxe5 dxe5 11.c5 N6d7 12.Bc4 Nc6 13.Nf3 h6 14.Qd2 Kh7 15.h4 Nf6
16.Qxd8 Rxd8 17.Bxf7 e4 18.Nd2 Ne5 19.Bc4 Bf5 20.O-O Neg4 21.Rc2 Nxe3 22.fxe3
Ng4 23.Nd5 Rac8 24.b4 Rxd5 25.Bxd5 Nxe3 26.Bb3 Nxf1 27.Nxf1 Bd4+ 28.Kh1 e3
29.Rc1 e2 30.Ng3 Re8 31.Re1 Bd3 32.Nxe2 Re4 33.Nxd4 Rxe1+ 34.Kh2 Re4 35.Nf3
Rxb4 36.Kg3 Kg7 37.Ne5 Be4 38.Nc4 Bd5 39.Na5 Bxb3 40.Nxb3 Re4 41.Nc1 Re6
42.Kh3 Kf6 43.Kg3 g5 44.h5 a5 {#R} 0-1

[Event "TCh-AUT 2nd Mitte 2016-17"]
[Site "masterchessopen.com Austria AUT"]
[Date "2017.03.25"]
[Round "10.6"]
[White "Titz,Hei"]
[Black "Wanderer,T"]
[Result "0-1"]
[WhiteElo "2163"]
[BlackElo "2204"]
[EventType "team"]

1.c4 Nf6 2.Nc3 c5 3.g3 d5 4.cxd5 Nxd5 5.Bg2 Nc7 6.Qa4+ Nd7 7.Nf3 f6 8.d3 e5
9.O-O Be7 10.Nd2 Rb8 11.Qb3 Nb6 12.Qc2 Be6 13.b3 Nbd5 14.Nxd5 Nxd5 15.Bb2 b6
16.Rac1 Qd7 17.Rfe1 O-O 18.Ne4 Rfd8 19.Nc3 Nb4 20.Qb1 Rbc8 21.Red1 Bh3 22.Bh1
h5 23.Ne4 h4 24.Nd2 hxg3 25.hxg3 Nd5 26.Qc2 Be6 27.Bg2 Kf7 28.Nf3 Bd6 29.Nd2
Nb4 30.Qb1 Rh8 31.Nf1 Rh6 32.Bc3 Nc6 33.Bd2 Rh5 34.f3 Nd4 35.Kf2 Bh3 36.g4 Rh7
{#R} 0-1

[Event "TCh-SWE Elitserien"]
[Site "masterchessopen.com Sweden SWE"]
[Date "2017.03.25"]
[Round "8.3"]
[White "Malmstig,E"]
[Black "Ornstein,A"]
[Result "0-1"]
[WhiteElo "2295"]
[BlackElo "2337"]

1.d4 Nf6 2.c4 e6 3.Nc3 Bb4 4.e3 O-O 5.Bd3 d5 6.cxd5 exd5 7.f3 c5 8.Ne2 cxd4
9.exd4 Re8 10.O-O Nbd7 11.Bg5 Be7 12.Bc2 Nf8 13.Qd3 h6 14.Bh4 Ng6 15.Bg3 Bd6
16.Ba4 Re7 17.f4 Nf8 18.Bh4 N8h7 19.Bc2 Bg4 20.Ng3 g6 21.Bb3 Qa5 22.Bxf6 Nxf6
23.f5 g5 24.Rae1 Rae8 25.Rxe7 Rxe7 26.h3 Bf4 27.hxg4 Re3 28.Qd1 Bxg3 29.Qd2
Bf4 30.Bd1 Rf3 31.Qe1 Be3+ 32.Kh1 Rxf1+ 33.Qxf1 Bxd4 34.Qd3 Bxc3 35.bxc3 Qxa2
36.Bf3 Kg7 37.Qd4 a5 38.Qb6 Qa1+ 39.Kh2 Qxc3 40.Qxb7 a4 41.Qb1 a3 42.Qa2 d4
43.Bd1 d3 44.Bb3 d2 {#R} 0-1

[Event "1st Sharjah Masters 2017"]
[Site "masterchessopen.com Sharjah UAE"]
[Date "2017.03.24"]
[Round "2.34"]
[White "Gomes,Mary"]
[Black "Schroeder,Ja"]
[Result "0-1"]
[WhiteElo "2316"]
[BlackElo "2543"]

1.Nf3 d5 2.g3 g6 3.Bg2 Bg7 4.c4 dxc4 5.Qa4+ Nc6 6.Nc3 e5 7.h4 Ne7 8.h5 O-O
9.hxg6 hxg6 10.Qxc4 Nd4 11.Nxd4 exd4 12.Ne4 Be6 13.Qc2 Bd5 14.Kf1 f5 15.Ng5
Bxg2+ 16.Kxg2 Qd5+ 17.Nf3 g5 18.Qb3 g4 19.Qxd5+ Nxd5 20.Ne1 f4 21.Rh4 Rae8
22.Rxg4 Rxe2 23.Nf3 fxg3 24.Rxg3 d3 25.Rb1 Nf4+ 26.Kf1 Nh5 27.Rh3 Bd4 {#R} 0-1

[Event "Queen City IM Norm 2017"]
[Site "masterchessopen.com Manchester USA"]
[Date "2017.03.24"]
[Round "3.3"]
[White "Sarkar,J"]
[Black "Gorti,Akshita"]
[Result "1-0"]
[WhiteElo "2383"]
[BlackElo "2215"]

1.d4 e6 2.c4 Nf6 3.Nc3 Bb4 4.e3 O-O 5.Bd3 d5 6.Nf3 c5 7.O-O dxc4 8.Bxc4 Nbd7
9.Qe2 b6 10.Rd1 cxd4 11.exd4 Bxc3 12.bxc3 Qc7 13.Ba3 Re8 14.Rac1 Bb7 15.Bb3
Nd5 16.c4 Nf4 17.Qe3 Nf6 18.h3 h6 19.Ba4 Red8 20.d5 exd5 21.cxd5 Qb8 22.d6
N6d5 23.Qd2 Rxd6 24.Bxd6 Qxd6 25.Rc4 Qf6 26.Bc2 Ba6 27.Re4 g5 28.Rde1 Nc3
29.Re8+ Rxe8 30.Rxe8+ Kg7 31.Nd4 Qd8 {#r} 1-0

[Event "Queen City IM Norm 2017"]
[Site "masterchessopen.com Manchester USA"]
[Date "2017.03.24"]
[Round "4.3"]
[White "Gorti,Akshita"]
[Black "Kumar,Nikhil"]
[Result "1-0"]
[WhiteElo "2215"]
[BlackElo "2444"]

1.d4 d5 2.Bf4 Nf6 3.Nc3 e6 4.Nb5 Na6 5.a3 c6 6.Nc3 Bd6 7.e3 b6 8.Nf3 Bb7 9.Ne5
Rc8 10.Qf3 Nc7 11.g4 O-O 12.g5 Nfe8 13.Bd3 Bxe5 14.dxe5 c5 15.h4 Ba8 16.Qh5 g6
17.Qh6 f5 18.gxf6 Nxf6 19.exf6 Qxf6 20.h5 Rf7 21.hxg6 hxg6 22.Bxg6 {#r} 1-0

[Event "Budapest Spring Open 2017"]
[Site "masterchessopen.com Budapest HUN"]
[Date "2017.03.24"]
[Round "7.3"]
[White "Berkes,F"]
[Black "Aczel,G"]
[Result "1-0"]
[WhiteElo "2648"]
[BlackElo "2555"]
[EventType "swiss"]

1.d4 Nf6 2.Nf3 e6 3.Bg5 Be7 4.e3 h6 5.Bh4 d5 6.Nbd2 Nbd7 7.Bd3 O-O 8.O-O b6
9.a4 a5 10.c3 Bb7 11.Qc2 c5 12.Rad1 Rc8 13.Rfe1 Ne8 14.Bg3 Nd6 15.Ne5 Nf6
16.h3 Rc7 17.Ng4 Rc8 18.Nxf6+ Bxf6 19.dxc5 Rxc5 20.Bxd6 Qxd6 21.Bh7+ Kh8
22.Ne4 Qe5 23.Nxc5 bxc5 24.Bd3 c4 25.Be2 Bd8 26.Bf3 f5 27.b3 Bc7 28.g3 h5
29.Rd4 g5 30.Bxh5 f4 31.bxc4 dxc4 32.Rd7 Be4 33.exf4 Bxc2 34.fxe5 Bb6 35.Rf7
{#r} 1-0